[Event "Mechanics' Fall TNM; G/2"]
[Site "San Francisco"]
[Date "2015.11.17"]
[Round "5.38"]
[White "Erdenebileg, Erkhes"]
[Black "Boldi, Ethan Vaugh"]
[Result "0-1"]
[WhiteElo "1125"]
[BlackElo "1458"]
[PlyCount "36"]
[EventDate "2015.??.??"]

1. e4 e6 2. d4 d5 3. e5 c5 4. c3 Nc6 5. Nf3 Nge7 6. dxc5 Ng6 7. Qe2 Bxc5 8. b4
Bb6 9. b5 Nce7 10. Nbd2 Nf4 11. Qd1 Qc7 12. c4 Qc5 13. Ne4 dxe4 14. Be3 Ba5+
15. Nd2 Qxe5 16. Bxf4 Qxf4 17. g3 Qe5 18. Qe2 Qxa1+ 0-1

[Event "Mechanics' Leighton Allen TNM; G/2"]
[Site "San Francisco"]
[Date "2015.09.29"]
[Round "9.25"]
[White "Erdenebileg, Erkhes"]
[Black "Macintyre, Brendan"]
[Result "1-0"]
[WhiteElo "847"]
[BlackElo "1575"]
[PlyCount "49"]
[EventDate "2015.??.??"]

1. e4 c5 2. Nf3 Nc6 3. d4 cxd4 4. Nxd4 g6 5. Nxc6 bxc6 6. Nc3 Bg7 7. Bd2 Nf6 8.
e5 Ng8 9. Bf4 e6 10. g3 Ne7 11. Bg2 Ba6 12. Qd2 Nf5 13. O-O-O O-O 14. Qxd7 Qxd7
15. Rxd7 Rfc8 16. b3 Nh6 17. h3 Kf8 18. Rd6 Bb7 19. Na4 Rc7 20. Nc5 Nf5 21.
Nxb7 Nxd6 22. Nxd6 Rd8 23. Rd1 Ke7 24. Bg5+ f6 25. exf6+ 1-0

[Event "Mechanics' Fall TNM; G/2"]
[Site "San Francisco"]
[Date "2015.12.08"]
[Round "8.39"]
[White "Erdenebileg, Erkhes"]
[Black "Nassif, Wassim"]
[Result "1-0"]
[WhiteElo "1125"]
[BlackElo "1217"]
[Annotator "Donaldson"]
[PlyCount "91"]
[EventDate "2015.??.??"]

1. e4 e5 2. Nf3 Nc6 3. Bc4 Bc5 4. d3 Nf6 5. h3 O-O 6. Bg5 d6 7. Nc3 h6 8. Bh4
Qe7 9. Nd5 Qd8 10. O-O $2 (10. Nxf6+) 10... g5 11. Bg3 Nxd5 12. Bxd5 Nd4 13.
Nxd4 Bxd4 14. c3 Bb6 15. a4 c6 16. Bb3 a5 17. Re1 Qe7 18. d4 Be6 19. d5 cxd5
20. exd5 Bd7 21. Kf1 f6 22. f4 $2 Kg7 (22... Qf7) (22... Qg7) 23. Qf3 Bf5 24.
Rad1 e4 25. Bc2 Rae8 26. Bf2 Rf7 27. g4 Bg6 28. f5 Bxf2 29. Qxf2 Bh7 30. Bxe4
Qd7 31. Bc2 Rfe7 32. Rxe7+ (32. Re6 $1 Bg8 33. Qd4 $18) 32... Rxe7 33. Re1 Bg8
34. Bb3 Re5 35. Rxe5 dxe5 36. Qc5 Qd8 37. Ke2 b6 38. Qc6 Bf7 39. Ke3 Be8 40.
Qb7+ Bd7 41. Ke4 Kf8 42. d6 Qe8 43. Kd3 (43. Qxb6) 43... Bc6 44. Qc7 (44. Qh7
$1) 44... Bf3 45. d7 e4+ 46. Ke3 1-0

[Event "Mechanics' Winter TNM; 30/90, SD/30"]
[Site "San Francisco"]
[Date "2015.02.03"]
[Round "5.9"]
[White "Everett, Willard"]
[Black "Askin, Michael"]
[Result "0-1"]
[WhiteElo "1673"]
[BlackElo "2103"]
[Annotator "Donaldson"]
[PlyCount "52"]
[EventDate "2015.??.??"]

1. d4 d5 2. c4 c6 3. Nc3 Nf6 4. Bg5 Ne4 5. Nxe4 dxe4 6. Qc2 (6. e3 $4 Qa5+)
6... Qxd4 7. e3 Qc5 8. Bf4 g5 9. Qc3 gxf4 10. Qxh8 fxe3 11. fxe3 Qxe3+ 12. Ne2
f6 13. Qxh7 Be6 14. Qg6+ Bf7 15. Qg3 Qb6 16. Qb3 Bh6 17. Qh3 {Diagram #} Bd2+
$1 18. Kxd2 Qxb2+ 19. Ke3 e5 20. Qc8+ Ke7 21. Rd1 Qb6+ 22. Kxe4 Be6 23. Qh8 Nd7
24. Rxd7+ Bxd7 25. Qxa8 f5+ 26. Kxe5 Qe3# 0-1

[Event "Mechanics' Winter TNM; 30/90, SD/30"]
[Site "San Francisco"]
[Date "2015.01.20"]
[Round "3.28"]
[White "Everett, Willard"]
[Black "Bailey, Michael"]
[Result "1-0"]
[WhiteElo "1673"]
[BlackElo "1119"]
[PlyCount "69"]
[EventDate "2015.??.??"]

1. d4 d5 2. c4 c6 3. Nc3 Nf6 4. Bg5 dxc4 5. e3 b5 6. Nf3 e6 7. Be2 Be7 8. Qc2
Bb7 9. a4 b4 10. Bxf6 Bxf6 11. Ne4 Nd7 12. Nd6+ Ke7 13. Nxb7 Qb6 14. Nc5 Nxc5
15. dxc5 Qxc5 16. Bxc4 Bxb2 17. Qxb2 Qxc4 18. Rc1 Qa6 19. Qxb4+ Ke8 20. Qc4
Qxc4 21. Rxc4 Rc8 22. O-O Ke7 23. Ne5 c5 24. Rd1 f6 25. Nf3 Rhd8 26. Rxd8 Rxd8
27. Kf1 Kd6 28. Rc2 Kc6 29. Nd4+ Kd5 30. Rxc5+ Kxc5 31. Nxe6+ Kb4 32. Nxd8 Kxa4
33. Ke2 g5 34. Nc6 a5 35. Nxa5 1-0

[Event "Mechanics' Winter TNM; 30/90, SD/30"]
[Site "San Francisco"]
[Date "2015.02.24"]
[Round "8.32"]
[White "Everett, Willard"]
[Black "Robertson, Guy"]
[Result "0-1"]
[WhiteElo "1673"]
[BlackElo "1477"]
[PlyCount "54"]
[EventDate "2015.??.??"]

1. d4 Nf6 2. Bg5 e6 3. c4 d5 4. Nc3 Be7 5. cxd5 exd5 6. e3 O-O 7. Bd3 c6 8. Qc2
h6 9. h4 a5 10. Nf3 Na6 11. a3 Bd7 12. Ne5 Nc7 13. Bxf6 Bxf6 14. g4 Bxe5 15.
dxe5 Bxg4 16. Kd2 d4 17. Ne4 dxe3+ 18. Kxe3 Nd5+ 19. Kd2 Bf3 20. Rhe1 Qxh4 21.
Qc4 Nf4 22. Rg1 Rad8 23. Nd6 Qxf2+ 24. Kc3 Nd5+ 25. Kb3 Qb6+ 26. Ka2 Nb4+ 27.
Kb1 Qxg1+ 0-1

[Event "Mechanics' Winter TNM; 30/90, SD/30"]
[Site "San Francisco"]
[Date "2015.01.06"]
[Round "1.2"]
[White "Everett, Willard"]
[Black "Winslow, Elliott"]
[Result "0-1"]
[WhiteElo "1673"]
[BlackElo "2283"]
[PlyCount "55"]
[EventDate "2015.??.??"]

1. d4 Nf6 2. Bg5 Ne4 3. Nf3 c5 4. dxc5 Qa5+ 5. Nbd2 Nxg5 6. Nxg5 Qxc5 7. Nge4
Qc7 8. e3 g6 9. Bc4 Bg7 10. Qf3 O-O 11. Ng5 e6 12. h4 Qe5 13. c3 h6 14. Qh3
hxg5 15. hxg5 Rd8 16. f4 Qf5 17. g4 Qc2 18. Rb1 d5 19. Bb3 Qd3 20. Rc1 Nc6 21.
Bc2 Qb5 22. Nb3 b6 23. Rd1 Ba6 24. Rd2 Kf8 25. Qh7 Ne7 26. Nd4 Qxb2 27. f5 Qc1+
28. Kf2 {White's flag fell.} 0-1

[Event "Mechanics' Spring TNM; G/2"]
[Site "San Francisco"]
[Date "2015.03.24"]
[Round "2.20"]
[White "Everett III, Willard"]
[Black "Anderson, Michael Gene"]
[Result "0-1"]
[WhiteElo "1673"]
[BlackElo "1900"]
[PlyCount "36"]
[EventDate "2015.??.??"]

1. d4 f5 2. e4 fxe4 3. Nc3 Nf6 4. Bg5 Nc6 5. Bxf6 exf6 6. Qh5+ g6 7. Qd5 f5 8.
Bc4 Qf6 9. O-O-O a6 10. f4 Bd6 11. g3 b6 12. Bb3 Bb7 13. Nh3 Na5 14. Qf7+ Qxf7
15. Bxf7+ Kxf7 16. Ng5+ Kg7 17. h4 h6 18. Nh3 Nc4 0-1

[Event "Mechanics' Summer TNM; G/2"]
[Site "San Francisco"]
[Date "2015.06.30"]
[Round "6.24"]
[White "Everett III, Willard"]
[Black "Hakobyan, Sos"]
[Result "0-1"]
[WhiteElo "1672"]
[BlackElo "1873"]
[PlyCount "62"]
[EventDate "2015.??.??"]

1. d4 Nf6 2. Bg5 e6 3. c4 h6 4. Bh4 c5 5. d5 exd5 6. cxd5 d6 7. Nc3 Bf5 8. e4
Bd7 9. Bd3 Be7 10. Bg3 a6 11. a4 O-O 12. h3 Re8 13. f4 Bf8 14. Kd2 c4 15. Bc2
Qb6 16. e5 Qc5 17. Nf3 dxe5 18. fxe5 Nxd5 19. Nxd5 Qxd5+ 20. Kc1 Be6 21. Qe2
Nc6 22. Be4 Qa5 23. Bxc6 bxc6 24. Nd4 c3 25. Be1 cxb2+ 26. Qxb2 Qxe5 27. Nxe6
Qxe6 28. Bc3 Qe3+ 29. Qd2 Qg3 30. Rb1 Bc5 31. Rf1 Be3 0-1

[Event "Mechanics' Summer TNM; G/2"]
[Site "San Francisco"]
[Date "2015.06.09"]
[Round "3.28"]
[White "Everett III, Willard"]
[Black "Joyce, Ben"]
[Result "1-0"]
[WhiteElo "1672"]
[BlackElo "1388"]
[PlyCount "29"]
[EventDate "2015.??.??"]

1. d4 d5 2. c4 Nf6 3. Nc3 Nc6 4. Bg5 Bf5 5. Bxf6 exf6 6. cxd5 Nb4 7. e4 Bg6 8.
a3 Na6 9. Qa4+ Qd7 10. Bb5 c6 11. dxc6 Qg4 12. cxb7+ Ke7 13. bxa8=Q Nc7 14.
Qb4+ Ke6 15. Qc8# 1-0

[Event "Mechanics' Spring TNM; G/2"]
[Site "San Francisco"]
[Date "2015.04.21"]
[Round "6.32"]
[White "Everett III, Willard"]
[Black "Morgan, Jerry"]
[Result "1-0"]
[WhiteElo "1673"]
[BlackElo "1512"]
[PlyCount "73"]
[EventDate "2015.??.??"]

1. d4 d5 2. c4 c6 3. cxd5 cxd5 4. Nf3 Qc7 5. Nc3 e6 6. Bd2 Nc6 7. Rc1 a6 8. e3
Bd6 9. Qa4 Qa5 10. Qxa5 Nxa5 11. Nxd5 Nc6 12. Nb6 Rb8 13. Nxc8 Rxc8 14. Be2 Nf6
15. O-O Ne4 16. Rfd1 Kd7 17. a3 h6 18. Bd3 Nxd2 19. Nxd2 f5 20. Nc4 Bc7 21. f4
Ne7 22. Ne5+ Bxe5 23. dxe5 Rxc1 24. Rxc1 Nd5 25. Kf2 g5 26. g3 g4 27. e4 Ne7
28. exf5 exf5 29. Rd1 Kc7 30. Bc4 Rd8 31. Rxd8 Kxd8 32. Be6 b5 33. b4 Kc7 34.
Kg2 Kb6 35. h3 gxh3+ 36. Kxh3 a5 37. Kh4 1-0

[Event "Mechanics' Summer TNM; G/2"]
[Site "San Francisco"]
[Date "2015.05.26"]
[Round "1.2"]
[White "Everett III, Willard"]
[Black "Shaw, Tenzing W"]
[Result "0-1"]
[WhiteElo "1672"]
[BlackElo "2273"]
[PlyCount "104"]
[EventDate "2015.??.??"]

1. d4 f5 2. Nf3 Nf6 3. Bf4 g6 4. e3 Bg7 5. c4 O-O 6. Nc3 d6 7. Bd3 Qe8 8. Qb3
c6 9. O-O Nh5 10. c5+ d5 11. Be5 Nd7 12. Bxg7 Nxg7 13. Qc2 e5 14. dxe5 Nxe5 15.
Nxe5 Qxe5 16. Ne2 Ne6 17. b4 Bd7 18. Qc3 Qc7 19. f4 Rae8 20. Rae1 Re7 21. Nd4
Rfe8 22. Nf3 Nd8 23. Ne5 Nf7 24. Nxf7 Rxf7 25. Bc2 Rfe7 26. Bb3 Re4 27. Bc2 Rc4
28. Qd2 b6 29. Bd3 Ree4 30. Bxc4 Rxc4 31. a3 bxc5 32. bxc5 Rxc5 33. Rb1 Bc8 34.
Rfc1 Rxc1+ 35. Qxc1 Ba6 36. Qb2 Bb5 37. Rc1 Qe7 38. Qd4 a5 39. Qc5 Qe4 40. Qd4
Qe7 41. Kf2 Qxa3 42. Qc3 Qxc3 43. Rxc3 Kf7 44. Ke1 Ke6 45. Kd2 Kd6 46. Rc1 a4
47. h3 h5 48. h4 Bc4 49. g3 a3 50. Kc3 Kc5 51. Ra1 a2 52. Kc2 Kb4 0-1

[Event "Mechanics' Winter TNM; 30/90, SD/30"]
[Site "San Francisco"]
[Date "2015.01.13"]
[Round "2.41"]
[White "Eytan, David"]
[Black "Otterbach, Renate"]
[Result "1-0"]
[WhiteElo "1599"]
[BlackElo "1076"]
[Annotator "Donaldson"]
[PlyCount "47"]
[EventDate "2015.??.??"]

1. e4 e6 2. d4 d5 3. exd5 exd5 4. Bd3 Nf6 5. Bg5 Be6 6. Nd2 c5 7. Ne2 $2 Nbd7
$2 (7... c4) 8. c3 Be7 9. O-O O-O 10. f4 Bg4 11. Nf3 h6 12. Bxf6 Nxf6 13. Ne5
Bh5 14. Rc1 Bd6 15. Bb1 Qe7 16. Qe1 Qc7 17. Ng3 Rfe8 18. Nf5 Ng4 19. Qh4 g6 20.
Nxg4 Bxf4 21. Ngxh6+ Bxh6 22. Nxh6+ Kg7 23. Nf5+ Kh8 24. Qf6+ 1-0

[Event "Mechanics' Winter TNM; 30/90, SD/30"]
[Site "San Francisco"]
[Date "2015.02.10"]
[Round "6.39"]
[White "Eytan, David"]
[Black "Rothman, Ivan"]
[Result "0-1"]
[WhiteElo "1599"]
[BlackElo "1379"]
[PlyCount "42"]
[EventDate "2015.??.??"]

1. e4 d6 2. Nf3 Nf6 3. Nc3 g6 4. Bc4 Bg7 5. d4 Nc6 6. Be3 O-O 7. Qd2 Ng4 8.
O-O-O Nxe3 9. Qxe3 a6 10. Ng5 b5 11. Bd5 Bd7 12. Ne2 h6 13. h4 e6 14. Bxc6 Bxc6
15. Nf4 hxg5 16. hxg5 Qxg5 17. Rh3 e5 18. dxe5 dxe5 19. Nd5 Qxe3+ 20. Rxe3 Bxd5
21. Rxd5 Bh6 0-1

[Event "Mechanics' Spring TNM; G/2"]
[Site "San Francisco"]
[Date "2015.03.24"]
[Round "2.18"]
[White "Flores, David"]
[Black "Basak, Aniruddha"]
[Result "0-1"]
[WhiteElo "1818"]
[BlackElo "2039"]
[PlyCount "66"]
[EventDate "2015.??.??"]

1. e4 c5 2. Nf3 g6 3. Bc4 Bg7 4. O-O Nc6 5. Re1 e6 6. c3 Nge7 7. d4 d5 8. exd5
exd5 9. Bb5 cxd4 10. Bxc6+ bxc6 11. Nxd4 O-O 12. Bg5 f6 13. Bf4 g5 14. Bg3 f5
15. Be5 Bxe5 16. Rxe5 c5 17. Nc2 Qd6 18. Re1 f4 19. Nba3 Rb8 20. b4 cxb4 21.
cxb4 Qf6 22. Rb1 Bf5 23. Rb3 Bd7 24. Qd4 Qxd4 25. Nxd4 Nf5 26. Nf3 Rfe8 27. Nc2
Ba4 28. Rd1 Bxb3 29. axb3 g4 30. Nfd4 Nxd4 31. Rxd4 Re2 32. Kf1 Rxc2 33. Rxf4
h5 0-1

[Event "Mechanics' Winter TNM; 30/90, SD/30"]
[Site "San Francisco"]
[Date "2015.01.27"]
[Round "4.32"]
[White "Flores, David"]
[Black "Gomboluudev, Enkhjin"]
[Result "1-0"]
[WhiteElo "1818"]
[BlackElo "1432"]
[PlyCount "97"]
[EventDate "2015.??.??"]

1. e4 e5 2. Nf3 Nc6 3. Bb5 a6 4. Bxc6 dxc6 5. O-O Qd6 6. h3 Ne7 7. d4 exd4 8.
Nxd4 Ng6 9. Na3 Qf6 10. c3 Bd6 11. Nc4 O-O 12. f4 Qh4 13. Nxd6 cxd6 14. Nf3 Qf6
15. f5 Ne5 16. Nxe5 Qxe5 17. Qd3 Re8 18. Re1 Bxf5 19. Be3 Bxe4 20. Qd2 Rad8 21.
Rad1 Qf6 22. Bg5 Qg6 23. Bxd8 Rxd8 24. Qe2 f5 25. Rd2 d5 26. Qf2 Rf8 27. Qb6
Rf7 28. Rf2 f4 29. Qd8+ Rf8 30. Qc7 Qf7 31. Qe5 Qf6 32. Qc7 Qf7 33. Qb6 h6 34.
c4 Bh7 35. cxd5 cxd5 36. Ref1 Qd7 37. Rxf4 Rxf4 38. Rxf4 Bb1 39. a3 Bd3 40. Qb4
Qc8 41. Rf3 Be4 42. Rg3 Kh7 43. Kh2 Qc7 44. Qd4 h5 45. h4 g5 46. Qf6 gxh4 47.
Qxh4 Kh6 48. Qg5+ Kh7 49. Qxh5# 1-0

[Event "Mechanics' Winter TNM; 30/90, SD/30"]
[Site "San Francisco"]
[Date "2015.02.24"]
[Round "8.14"]
[White "Flores, David"]
[Black "Grey, Peter"]
[Result "0-1"]
[WhiteElo "1818"]
[BlackElo "2006"]
[PlyCount "64"]
[EventDate "2015.??.??"]

1. Nf3 Nf6 2. g3 g6 3. Bg2 Bg7 4. O-O O-O 5. d4 d6 6. c3 Nbd7 7. Nbd2 c6 8. Re1
e5 9. e4 Qc7 10. Nb3 Re8 11. h4 Nf8 12. Bg5 h6 13. Bd2 Bg4 14. Qc2 Rad8 15.
Rac1 Qc8 16. Re3 Bh3 17. Bh1 Qc7 18. Rce1 Be6 19. c4 b6 20. Qc1 Kh7 21. Rc3 c5
22. d5 Bd7 23. Bg2 Rb8 24. Na1 b5 25. cxb5 Bxb5 26. b4 N6d7 27. Nb3 Rec8 28.
Nh2 c4 29. Na5 Nb6 30. a3 Na4 31. Ree3 Nxc3 32. Rxc3 Qd7 0-1

[Event "Mechanics' Winter TNM; 30/90, SD/30"]
[Site "San Francisco"]
[Date "2015.02.24"]
[Round "8.14"]
[White "Flores, David"]
[Black "Grey, Peter"]
[Result "0-1"]
[WhiteElo "1818"]
[BlackElo "2006"]
[PlyCount "104"]
[EventDate "2015.??.??"]

1. Nf3 Nf6 2. g3 g6 3. Bg2 Bg7 4. O-O O-O 5. d4 d6 6. c3 Nbd7 7. Nbd2 c6 8. Re1
e5 9. e4 Qc7 10. Nb3 Re8 11. h4 Nf8 12. Bg5 h6 13. Bd2 Bg4 14. Qc2 Rad8 15.
Rac1 Qc8 16. Re3 Bh3 17. Bh1 Qc7 18. Rce1 Be6 19. c4 b6 20. Qc1 Kh7 21. Rc3 c5
22. d5 Bd7 23. Bg2 Rb8 24. Na1 b5 25. cxb5 Bxb5 26. b4 N8d7 27. Nb3 Rec8 28.
Nh2 c4 29. Na5 Nb6 30. a3 Na4 31. Ree3 Nxc3 32. Rxc3 Qd7 33. Nf1 Rc7 34. Ne3 h5
35. Nd1 Ng8 36. Kh2 Bh6 37. Ne3 Nf6 38. Nexc4 Bxd2 39. Nxd2 Rxc3 40. Qxc3 Rc8
41. Qf3 Ng4+ 42. Kg1 Rc1+ 43. Nf1 Kg7 44. Nb3 Rc2 45. Bh3 Qc8 46. Bxg4 Qxg4 47.
Qxg4 hxg4 48. Ne3 Rc3 49. Na5 Be2 50. Nb7 Rc1+ 51. Kh2 Bf3 52. Ng2 Rf1 0-1

[Event "Mechanics' Winter TNM; 30/90, SD/30"]
[Site "San Francisco"]
[Date "2015.02.10"]
[Round "6.24"]
[White "Flores, David"]
[Black "Harris, Clarence"]
[Result "1-0"]
[WhiteElo "1818"]
[BlackElo "1582"]
[PlyCount "71"]
[EventDate "2015.??.??"]

1. e4 e5 2. Nf3 Nc6 3. Bb5 a6 4. Ba4 Nf6 5. d3 Be7 6. h3 b5 7. Bb3 d5 8. exd5
Nxd5 9. O-O O-O 10. Re1 Bf6 11. Nbd2 Bf5 12. a4 Nb6 13. a5 Nd5 14. Ne4 Bxe4 15.
dxe4 Ndb4 16. c3 Nd3 17. Bd5 Nxe1 18. Qxe1 Qd7 19. Be3 Rad8 20. b4 Rfe8 21. Rd1
Kh8 22. Kh2 Ne7 23. Bb3 Qc8 24. Ng5 Bxg5 25. Bxg5 f6 26. Be3 Rxd1 27. Qxd1 Rd8
28. Qe2 Qd7 29. Bc2 Nc8 30. c4 Nd6 31. cxb5 Nxb5 32. Qh5 Nc3 33. Bb3 Nxe4 34.
Bc2 Rb8 $4 35. Bxe4 Rxb4 36. Qxh7# 1-0

[Event "Mechanics' Winter TNM; 30/90, SD/30"]
[Site "San Francisco"]
[Date "2015.01.13"]
[Round "2.7"]
[White "Flores, David"]
[Black "Stearman, Josiah"]
[Result "0-1"]
[WhiteElo "1818"]
[BlackElo "2195"]
[Annotator "Donaldson"]
[PlyCount "74"]
[EventDate "2015.??.??"]

1. e4 c5 2. b3 e6 3. Bb2 Nc6 4. Nf3 d5 5. e5 Nge7 6. g3 Nf5 7. Bb5 Bd7 8. Bxc6
Bxc6 9. d4 h5 10. h4 Rc8 11. Nbd2 b5 12. Nf1 c4 13. Ne3 Nxe3 14. fxe3 g6 15.
O-O (15. Ng5 Bb4+ 16. c3 Be7) 15... Bh6 16. Qe1 O-O 17. Bc3 Re8 18. Qf2 Rc7 19.
Rad1 Rd7 20. Bb4 a5 21. Bc5 b4 22. Nh2 Bb5 23. g4 cxb3 24. axb3 Bxf1 25. Rxf1
Kh7 26. Kh1 Rg8 27. g5 Bf8 28. Bxf8 Rxf8 29. Nf3 Rc7 30. Rc1 Rc3 31. Ne1 Qc7
32. Qd2 Rc8 33. Ra1 Ra8 34. Rc1 a4 35. bxa4 b3 36. Nd3 Rxc2 37. Qd1 Qc3 0-1

[Event "Mechanics' Winter TNM; 30/90, SD/30"]
[Site "San Francisco"]
[Date "2015.02.24"]
[Round "8.43"]
[White "Frank, Robert"]
[Black "Chan, John"]
[Result "0-1"]
[WhiteElo "1296"]
[BlackElo "1514"]
[Annotator "Donaldson"]
[PlyCount "60"]
[EventDate "2015.??.??"]

1. d4 Nf6 2. Nf3 h6 3. e3 d5 4. Bd3 c6 5. Nbd2 b5 6. b4 Qc7 7. O-O Nbd7 8. e4
dxe4 9. Nxe4 Nd5 10. Bd2 e6 11. c3 Bb7 12. a4 a6 13. axb5 cxb5 14. Nc5 Bxc5 15.
dxc5 O-O 16. Re1 N5f6 17. h3 e5 18. Qc2 Bxf3 19. gxf3 Rfe8 20. c4 bxc4 21. Bxc4
Qc6 22. Re3 (22. Qg6 $1) 22... e4 23. fxe4 Nxe4 24. Rae1 Qg6+ 25. Rg3 Qf5 26.
Bxh6 $4 (26. Bxf7+ $1 Kxf7 27. Qb3+ Qe6 28. Rxe4 Qxb3 29. Rf4+ $18) 26... Nxg3
27. Qxf5 Nxf5 28. Bd2 Rxe1+ 29. Bxe1 Ne5 30. Bd5 Rd8 0-1

[Event "Mechanics' Spring TNM; G/2"]
[Site "San Francisco"]
[Date "2015.03.31"]
[Round "3.42"]
[White "Frank, Robert"]
[Black "Dupree, Charles"]
[Result "0-1"]
[WhiteElo "1296"]
[BlackElo "1625"]
[Annotator "Donaldson"]
[PlyCount "70"]
[EventDate "2015.??.??"]

1. d4 Nf6 2. Nf3 e6 3. Bg5 Be7 4. e3 h6 5. Bh4 b6 6. Bd3 Bb7 7. O-O d5 8. Nbd2
Nbd7 9. Re1 O-O 10. e4 dxe4 11. Nxe4 Nxe4 12. Bxe7 Nxf2 13. Bxd8 Nxd1 14. Bh4
$2 (14. Be7) 14... Nxb2 15. Be2 Na4 $2 (15... Bd5 $17) 16. Bb5 $1 Nac5 17. dxc5
Nxc5 18. Be7 Rfc8 19. Bxc5 bxc5 20. Re5 Bd5 21. c4 f6 22. Re3 Bxf3 23. Rxf3 Rd8
24. Ba4 Rd4 25. Bb3 $2 (25. Rb1 Rxc4 26. Bb3 Re4 27. Rc3 Re5 28. Rbc1 $16)
25... e5 26. a4 $2 (26. Bc2 Rad8 27. Ra3 $16) 26... e4 27. Rf5 Rb8 28. Ba2 Rb2
29. Rxc5 $4 (29. Rf2 $11) 29... Rdd2 30. Rxc7 Rxg2+ 31. Kf1 Rxh2 32. c5+ Kh7
33. Kg1 Rbg2+ 34. Kf1 Rf2+ 35. Ke1 e3 0-1

[Event "Mechanics' Spring TNM; G/2"]
[Site "San Francisco"]
[Date "2015.05.05"]
[Round "8.26"]
[White "Frank, Robert"]
[Black "Gombolduudev, Enkjhin"]
[Result "1/2-1/2"]
[WhiteElo "1296"]
[BlackElo "1400"]
[PlyCount "108"]
[EventDate "2015.??.??"]

1. d4 d5 2. Nf3 Nf6 3. e3 c6 4. Bd3 e6 5. Nbd2 Bd7 6. e4 dxe4 7. Nxe4 Be7 8.
Ne5 O-O 9. Bg5 h6 10. Nxf6+ Bxf6 11. Bxf6 Qxf6 12. Qf3 Qxf3 13. Nxf3 Bc8 14.
O-O-O b5 15. h4 Bb7 16. Rhe1 Nd7 17. Ne5 Nxe5 18. Rxe5 a5 19. Be4 b4 20. Rc5
Rfc8 21. f4 a4 22. c4 bxc3 23. Rxc3 Ra5 24. g4 Kf8 25. Rd2 Ke7 26. f5 exf5 27.
Bxf5 Rd8 28. Be4 Kd6 29. Rdc2 Rc8 30. Bf3 Rc7 31. Rc5 Rb5 32. Be2 Rxc5 33. Rxc5
Bc8 34. Ra5 c5 35. dxc5+ Rxc5+ 36. Rxc5 Kxc5 37. Kc2 Bd7 38. Kc3 Kd5 39. Bc4+
Ke5 40. Bxf7 Bxg4 41. Be8 Bd1 42. Kd2 Bf3 43. Bxa4 g5 44. hxg5 hxg5 45. Ke3 Bd5
46. b3 g4 47. Kf2 Kf4 48. Bb5 g3+ 49. Kg1 Ke4 50. Bc4 Bxc4 51. bxc4 Kd4 52. a4
Kxc4 53. a5 Kb5 54. a6 Kxa6 1/2-1/2

[Event "Mechanics' Winter TNM; 30/90, SD/30"]
[Site "San Francisco"]
[Date "2015.02.03"]
[Round "5.45"]
[White "Frank, Robert"]
[Black "Gupta, Vishrut"]
[Result "0-1"]
[WhiteElo "1296"]
[BlackElo "1547"]
[PlyCount "74"]
[EventDate "2015.??.??"]

1. d4 d5 2. Nf3 Nf6 3. e3 Bf5 4. c4 e6 5. Nc3 Nc6 6. cxd5 Nxd5 7. Qa4 Bb4 8.
Bd2 O-O 9. a3 Bxc3 10. bxc3 a6 11. c4 Nb6 12. Qd1 Re8 13. a4 Qe7 14. a5 Nd7 15.
Rb1 $2 Bxb1 16. Qxb1 Rab8 17. Bd3 Qa3 18. O-O b6 19. Bxh7+ Kh8 20. Be4 bxa5 21.
Qa1 Qxa1 22. Rxa1 Ne7 23. Bxa5 c5 24. d5 exd5 25. cxd5 Nf6 26. Bd3 Nfxd5 27.
Bxa6 Ra8 28. Bc4 Nb4 29. Ne5 Nec6 30. Nxf7+ Kh7 31. Nd6 Rf8 32. Nb7 Ra7 33.
Nxc5 Rxa5 34. Rxa5 Nxa5 35. Be2 Rc8 36. Ne6 Rc1+ 37. Bf1 Nb3 0-1

[Event "Mechanics' Spring TNM; G/2"]
[Site "San Francisco"]
[Date "2015.03.17"]
[Round "1.27"]
[White "Frank, Robert"]
[Black "Lin, Aung"]
[Result "0-1"]
[WhiteElo "1296"]
[BlackElo "1735"]
[PlyCount "62"]
[EventDate "2015.??.??"]

1. d4 f5 2. Nf3 Nf6 3. Nc3 b6 4. Bg5 Bb7 5. e3 e6 6. Bd3 Bb4 7. O-O h6 8. Bxf6
Qxf6 9. a3 Bxc3 10. bxc3 d6 11. Re1 Qg6 12. Nh4 Qg5 13. Nf3 Qg4 14. h3 Qg6 15.
Nh4 Qg5 16. Nf3 Qg6 17. Nh4 Qg5 18. Nf3 Qf6 19. e4 O-O 20. e5 Qg6 21. c4 Nd7
22. Nh4 Qg5 23. Nf3 Qf4 24. c3 dxe5 25. Nxe5 Nxe5 26. Rxe5 Rf6 27. Qe2 Rg6 28.
g3 Bf3 29. Qe3 Rxg3+ 30. Kf1 Bg2+ 31. Ke1 Rxe3+ 0-1

[Event "Mechanics' Spring TNM; G/2"]
[Site "San Francisco"]
[Date "2015.04.21"]
[Round "6.45"]
[White "Frank, Robert"]
[Black "McCarty-Snead, Fianna"]
[Result "1-0"]
[WhiteElo "1296"]
[BlackElo "638"]
[PlyCount "63"]
[EventDate "2015.??.??"]

1. d4 d5 2. Nf3 Bf5 3. b3 Nf6 4. Bf4 Nc6 5. c4 Nb4 6. Na3 dxc4 7. bxc4 e6 8.
Bd2 Be7 9. c5 Nbd5 10. e3 O-O 11. Nc4 Ne4 12. Be2 Bg4 13. Nce5 Nxd2 14. Nxg4
Nxf3+ 15. Bxf3 Nc3 16. Qb3 Nd5 17. Qxb7 Re8 18. Qb5 Rb8 19. Qd3 Nb4 20. Qe2 c6
21. O-O Qa5 22. a3 Qb5 $4 23. axb4 Qxe2 24. Bxe2 Rxb4 25. Ne5 Rb2 26. Bf3 Ra8
27. Nxc6 Bf6 28. Ne7+ Bxe7 29. Bxa8 Rb8 30. Rxa7 Rb2 31. Rxe7 Rc2 32. Re8# 1-0

[Event "Mechanics' Winter TNM; 30/90, SD/30"]
[Site "San Francisco"]
[Date "2015.01.13"]
[Round "2.39"]
[White "Frank, Robert"]
[Black "Montoya, Daniel"]
[Result "0-1"]
[WhiteElo "1296"]
[BlackElo "1615"]
[PlyCount "46"]
[EventDate "2015.??.??"]

1. d4 f5 2. Nf3 Nf6 3. c4 e6 4. Nc3 c6 5. e3 d5 6. cxd5 exd5 7. Bd3 Bd6 8. O-O
O-O 9. Qc2 Ne4 10. Ne5 Nd7 11. f4 Rf6 12. Ne2 Rh6 13. Ng3 Bxe5 14. fxe5 Qh4 15.
Bxe4 Qxh2+ 16. Kf2 Rg6 17. Nxf5 Rg5 18. Bf3 Nxe5 19. Ne7+ Kf7 20. Nxc8 Nxf3 21.
Nd6+ Ke6 22. Kxf3 Rf8+ 23. Ke2 Rxg2+ 0-1

[Event "Mechanics' Winter TNM; 30/90, SD/30"]
[Site "San Francisco"]
[Date "2015.02.10"]
[Round "6.47"]
[White "Frank, Robert"]
[Black "Otterbach, Renate"]
[Result "1-0"]
[WhiteElo "1296"]
[BlackElo "1076"]
[PlyCount "73"]
[EventDate "2015.??.??"]

1. d4 d5 2. Nf3 e6 3. e3 c5 4. c3 Nf6 5. Bd3 Nc6 6. Nbd2 Bd6 7. e4 e5 8. exd5
Nxd5 9. Be4 Nf6 10. Bxc6+ bxc6 11. dxe5 Qe7 12. Qe2 Nd5 13. exd6 Qxe2+ 14. Kxe2
Nf4+ 15. Kf1 O-O 16. Nc4 Nd5 17. Be3 Ba6 18. b3 Nxc3 19. Nfd2 Rad8 20. Bf4 Rfe8
21. Re1 Rxe1+ 22. Kxe1 Re8+ 23. Kf1 Rd8 24. a4 f6 25. h4 Rd7 26. Rh3 Nd5 27.
Bh2 Kf7 28. Kg1 Ke8 29. Ne4 Bxc4 30. bxc4 Rb7 31. Kh1 Rb1+ 32. Bg1 Nf4 33. Re3
Kd7 34. Nxc5+ Kxd6 35. Ne4+ Kc7 36. Kh2 Rb4 37. g3 1-0

[Event "Mechanics' Fall TNM; G/2"]
[Site "San Francisco"]
[Date "2015.12.08"]
[Round "8.30"]
[White "Frank, Robert H"]
[Black "Campers Jr, Willie"]
[Result "0-1"]
[WhiteElo "1339"]
[BlackElo "1760"]
[PlyCount "60"]
[EventDate "2015.??.??"]

1. d4 d5 2. Nf3 Bf5 3. c4 c6 4. Nc3 e6 5. e3 Nd7 6. cxd5 cxd5 7. Bb5 Be7 8. Ne5
Ngf6 9. O-O O-O 10. Nxd7 Nxd7 11. Bd3 Bxd3 12. Qxd3 Rc8 13. e4 Nb6 14. e5 f6
15. Qh3 Qd7 16. f4 f5 17. Be3 Nc4 18. Bc1 Rc7 19. b3 Na3 20. Bd2 Nc2 21. Rac1
Nxd4 22. Qe3 Bc5 23. Kh1 Nxb3 24. Qh3 Nxd2 25. Rfd1 Ne4 26. Nxe4 fxe4 27. g3
Rfc8 28. Qf1 Bb6 29. Rb1 Rc2 30. a4 Qxa4 0-1